000 01188nam a2200313 i 4500
003 DO-SdBNP
005 20240305133402.0
007 ta
008 090701s2016 dr r 001 0 spa d
040 _aDO-SdBNP
_bspa
_cBNPHU
_erda
082 4 _aRD861.44
_bA189p
_222
100 1 _aAcuña, René,
_d1929-
_eautor
_984341
111 2 _aConcurso Biblioteca ¨Juan Pablo Duarte¨ 2002
_d(2002 :
_cSanto Domingo)
_984334
245 1 0 _aPoesía y prosas escogidas /
_cRené Acuña ; editor, Francisco Morales Santos
264 _aSanto Domingo :
_bCultura,
_c2016.
300 _a78 páginas ;
_c21 cm.
336 _2rdacontent
_atexto
_btxt
337 _2rdamedia
_asin mediación
_bn
338 _2rdacarrier
_avolumen
_bnc
490 0 _aPoesía guatemalteca. Série Rafael Landívar ;
_v108
500 _aIncluye datos biográficos del autor en la solapas
590 _aExtraviado, 2023/BT
650 4 _aPoesía guatemalteca
_914068
650 4 _aLiteratura guatemalteca
_95393
700 1 _aMorales Santos, Francisco,
_eeditor
_951920
830 _aPoesía guatemalteca.
_pSérie Rafael Landívar ;
_n108
_984391
910 _aBtavárez/Validado. Control de calidad MFF
942 _2ddc
_cLBS1
999 _c24845
_d24845